Геология и подземные воды северной части Воронежской области. Вып. 3 (Запись № 13593106)

Подробности
000 -МАРКЕР
контрольное поле 01386nam2a2200253 4500
001 - ИДЕНТИФИКАТОР ЗАПИСИ
контрольное поле rc\2910657
005 - ИДЕНТИФИКАТОР ВЕРСИИ
контрольное поле 20260315054208.0
035 ## - ДРУГИЕ СИСТЕМНЫЕ НОМЕРА
Идентификатор записи (NLR Aleph) 007061394
100 ## - ДАННЫЕ ОБЩЕЙ ОБРАБОТКИ
Данные общей обработки 20110806d1939 u y0rusy50 ca
101 0# - ЯЗЫК РЕСУРСА
Язык текста, звукозаписи и т.д. русский
102 ## - СТРАНА ПУБЛИКАЦИИ ИЛИ ПРОИЗВОДСТВА
Страна публикации Российская Федерация
105 ## - ПОЛЕ КОДИРОВАННЫХ ДАННЫХ: ТЕКСТОВЫЕ МАТЕРИАЛЫ, МОНОГРАФИЧЕСКИЕ
Кодированные данные о монографическом текстовом документе ab z |||||
200 0# - ЗАГЛАВИЕ И СВЕДЕНИЯ ОБ ОТВЕТСТВЕННОСТИ
Основное заглавие Вып. 3
Первые сведения об ответственности проф. А. Дубянский и А. Скоркин
210 ## - ПУБЛИКАЦИЯ, РАСПРОСТРАНЕНИЕ И ДР.
Дата издания, распространения и т.д. 1939
215 ## - ФИЗИЧЕСКАЯ ХАРАКТЕРИСТИКА
Специфическое обозначение материала и объем 16 с., 16 вкл. л. карт. и схем.
Другие сведения о физической характеристике карт., схем.
461 #0 - УРОВЕНЬ НАБОРА
Встроенное поле 001rc\2910654
-- 2000#$aГеология и подземные воды северной части Воронежской области$eВып. 1-$fпроф. А. Дубянский$gВоронеж. с.-х. ин-т и Воронеж. обл. земел. отд.$vВып. 3
-- 700#1$aДубянский$bА.А.$gАлександр Андреевич$f1880-
Системный номер (АБИС) связанной записи 6288934
Автор Дубянский, А.А. (1880-)
Место публикации [Воронеж]
Дата публикации 1939
Первые сведения об ответственности проф. А. Дубянский
Имя издателя, распространителя и т.д. Воронеж. обл. книгоизд-во
Сведения, относящиеся к заглавию Вып. 1-
Заглавие Геология и подземные воды северной части Воронежской области
Номер тома Вып. 3
700 #1 - ИМЯ ЛИЦА - ПЕРВИЧНАЯ ОТВЕТСТВЕННОСТЬ
Начальный элемент ввода Дубянский
Часть имени, кроме начального элемента ввода А.А.
Даты 1880-
Расширение инициалов личного имени Александр Андреевич
701 #1 - ИМЯ ЛИЦА - АЛЬТЕРНАТИВНАЯ ОТВЕТСТВЕННОСТЬ
Начальный элемент ввода Скоркин
Часть имени, кроме начального элемента ввода А.
801 #0 - ИСТОЧНИК ЗАПИСИ
Страна Российская Федерация
Организация NLR
Правила каталогизации psbo
801 #1 - ИСТОЧНИК ЗАПИСИ
Страна Российская Федерация
Организация ELAR
Источник данных rusmarc
852 ## - МЕСТОНАХОЖДЕНИЕ И ШИФР ХРАНЕНИЯ
Идентификатор организации NLR
Шифр хранения (Call Number) 39-19/126(3)
942 ## - ДОПОЛНИТЕЛЬНЫЕ ЭЛЕМЕНТЫ ЗАПИСИ (АБИС)
Тип экземпляра АБИС Неопределено
980 ## - КОЛЛЕКЦИЯ
Название коллекции Национальная библиография

Нет доступных экземпляров.